Foods That Grow on Trees Quiz Stats

Quiz Updated Nov 8, 2017

Challenge
Share
Tweet
Embed
Score 0/25 Timer 02:00
0 Plays Today
% Correct
Apples
94.3%
Peaches
93.4%
Oranges
93.4%
Lemons
92.7%
Pears
92.3%
Coconuts
90.7%
Mangoes
90.6%
Plums
90.6%
Limes
90.5%
Apricots
89.8%
Nectarines
89.6%
Cherries
88.5%
Grapefruits
88.3%
% Correct
Pomegranates
86.2%
Papayas
86%
Figs
85.7%
Avocados
81.8%
Guavas
81.3%
Olives
79.1%
Persimmons
69.4%
Lychees
66.4%
Jackfruits
65.7%
Cocoa Beans
58.2%
Mulberries
55.7%
Jujubes
21.9%

You're not logged in!

Compare scores with friends on all Sporcle quizzes.
Sign Up with Email
OR
Log In

You Might Also Like...

Show Comments

Extras

Top Quizzes Today


Score Distribution

Your Account Isn't Verified!

In order to create a playlist on Sporcle, you need to verify the email address you used during registration. Go to your Sporcle Settings to finish the process.